000 00320nam a2200109Ia 4500
008 201224s9999 xx 000 0 und d
100 _aJalal, Ayesha
245 0 _a(The) Sole Spokesman : Jinnah, The Muslim League and The Demand for Pakistan
260 _aCambridge
_bCambridge University Press
300 _a0
942 _cBK
999 _c8762
_d8762